• 首页
  • 本馆介绍
  • 公告通知
  • 最新文献
  • 馆藏检索
  • 电子资源
  • 读者导购
  • 参考咨询
  • 我的图书馆
  • 登录
  • 详细信息显示
  • 放入我的书架
  • 预约/预借图书
  • 作者相关作品
  • 分类相关作品
  • 丛书相关作品
  • 出版社相关作品

书目信息

  • 表格格式
  • 工作单格式
  • 卡片格式
书名: New access
作者: D.H. Howe.
分册号:
分册名:
出版地: Hong Kong :
 
出版社: Oxford University Press
出版时间: 1981.
页数: 182 p. :
开本:
丛书名:
中图分类号:
科图分类号:
其他分类号: H31
主题词:
电子资源:
000 00434nam 22000169i 450 9
001 0297283746
005 20070428092101.39
008 950619m1981 u y a 000 0
041    @aeng
090    @aH319.4
090    @aH31
099    @dH31@e64:2
100 1  @aHowe@cD.H.
245 10 @aNew access.@n2 / @cD.H. Howe.
260 1  @aHong Kong :@bOxford University Press,@c1981.
300    @a182 p. :@bill.
500    @afor Hong Kong secondary schools
    
    New access.. 2 / / D.H. Howe.-Hong Kong : : Oxford University Press, , 1981.
    182 p. : : ill.
    for Hong Kong secondary schools
    
    ISBN
    
●
相关链接 在E读中查询图书 在五车中查询图书 在当当中查询图书 在豆瓣中查询图书


正题名:New access     索取号:H31/64:2         预约/预借

序号 登录号 条形码 馆藏地/架位号 状态 备注
1 134535   001073929   密集书库/ [索取号:H31/64:2] 在馆    
2 134536   001073901   密集书库/ [索取号:H31/64:2] 在馆    
3 134537   001073830   密集书库/ [索取号:H31/64:2] 在馆    
4 134538   001073867   密集书库/ [索取号:H31/64:2] 在馆    
5 134539   001073796   密集书库/ [索取号:H31/64:2] 在馆    
6 134540   001073821   第四借阅区/ [索取号:H31/64:2] 在馆    
7 134541   001073778   密集书库/ [索取号:H31/64:2] 在馆    
8 134542   001073910   第四借阅区/ [索取号:H31/64:2] 在馆    
9 134543   001073876   密集书库/ [索取号:H31/64:2] 在馆    
唐山师范学院图书馆 欢迎您!
大连网信软件有限公司© 版权所有